00963nam a22002657a 4500003000400000005001700004008004100021022001300062040001800075082001400093110003500107245006000142260003500202300001700237440003200254440002300286440002300309440002300332440002300355440004300378650010900421650005900530650003400589650007400623OSt20240722161842.0240722b ||||| |||| 00| 0 eng d 203040941 cAIMIT LIBRARY a658bDECI aIndian Institute of Management aDecision /cBy Indian Institute of Management Calcutta. aNew Delhi :bSpringer ,c2018. bHBc26.4 cm. aDecisionvVol.45 No1-4/2018 vVol.42 No.1-4/2015 vVol.45 No.1-4/2018 vVol.42 No.1-4/2015 vVol.46 No.1-4/2019 vVol.43 No.1-4/2016/ Vol.44 No.1-4/2017 aPersonality characteristics and the process of start up the moderating role of Institutional environment aEmployees responses to corporate social responsibility aDomestic intermarket linkages aInformational efficiency of sovereign bond markets of India and China